000 00737cab a2200193 4500
001 WB2721-41
008 090401t1991 xxu||||| |||| 00| 0 eng d
035 _a(Sirsi) u60688
041 _aeng
245 _aCharging orders
260 _c1991
350 _a0
490 _aEGCS
_v1991 EGCS 57 (25/5/91)
520 _aIn Lloyds Bank plc v Byrne and another , CA 17 May 1991, it was held that where a charging order was made on a beneficial interest in a matrimonial home under Law and Property Act 1925 s30 a court has discretion but the voice of the creditor must prevail unless the view of other parties outweighs it.
650 _aLAW CASES
690 _aPROPERTY LAW AND PRACTICE-CASE LAW
942 _n0
948 _c04/03/1997
999 _c37487
_d37487